Les pays qui produisent le plus d'orange - Statistiques

Statistiques générales
  • Ce quiz a été pris 96 fois
  • Le résultat moyen est 7 sur 10
Statistiques - réponses
Tonnes Réponse % Correct
3,6 t Espagne
93%
16,7 t Brésil
91%
9,2 t Chine
91%
4,8 t Etats-Unis
88%
8,3 t Inde
81%
4,7 t Mexique
81%
1,9 t Turquie
65%
2,5 t Indonésie
56%
3,2 t Egypte
34%
1,8 t Iran
34%
Aucun quiz correspondant
Distribution des résultats
% des personnes avec chaque résultat
Percentile par nombre de réponses
Votre historique - résultats
Vous n’avez pas pris ce quiz